[Event "Foment Martinenc op-A 21st"]
[Site "Barcelona"]
[Date "2019.06.15"]
[Round "8"]
[White "Houzi Acharki, Hanane"]
[Black "Catala Ulied, Guillem"]
[Result "0-1"]
[WhiteElo "1677"]
[BlackElo "1869"]
[PlyCount "76"]
[EventDate "2019.04.27"]
[EventType "swiss"]
[EventRounds "9"]
[EventCountry "ESP"]
[SourceTitle "EXT 2020"]
[Source "ChessBase"]
[SourceDate "2019.10.17"]
[SourceVersion "1"]
[SourceVersionDate "2019.10.17"]
[SourceQuality "1"]

1. d4 Nf6 2. Nf3 g6 3. Nc3 d5 4. Bf4 Bg7 5. e3 0-0 6. Be2 b6 7. Ne5 Ba6 8. h4 h5 9. Bxa6 Nxa6 10. Qe2 Nb8 11. 0-0-0 c5 12. f3 c4 13. g4 b5 14. Nxb5 Qb6 15. Nc3 Na6 16. Na4 Qb4 17. Nc5 Nxc5 18. c3 Nd3+ 19. Nxd3 cxd3 20. Rxd3 Qa5 21. Kb1 Rfc8 22. Be5 hxg4 23. fxg4 Ne4 24. Qg2 Qb5 25. Kc2 Qa4+ 26. Kb1 Bxe5 27. dxe5 Rab8 28. Ka1 Qb5 29. Rd4 Qa5 30. Qc2 Rb6 31. Ra4 Qc5 32. Rd4 Ra6 33. Qb3 e6 34. Qb7 Rb6 35. Qd7 Rcb8 36. Rf1 R6b7 37. Qa4 Rxb2 38. Qd7 Rb1+ 0-1

[Event "Foment Martinenc op-A 21st"]
[Site "Barcelona"]
[Date "2019.06.08"]
[Round "7"]
[White "Andreu Termes, Frederic"]
[Black "Houzi Acharki, Hanane"]
[Result "1-0"]
[WhiteElo "1826"]
[BlackElo "1677"]
[PlyCount "125"]
[EventDate "2019.04.27"]
[EventType "swiss"]
[EventRounds "9"]
[EventCountry "ESP"]
[SourceTitle "EXT 2020"]
[Source "ChessBase"]
[SourceDate "2019.10.17"]
[SourceVersion "1"]
[SourceVersionDate "2019.10.17"]
[SourceQuality "1"]

1. c4 e5 2. g3 Nf6 3. Bg2 d5 4. cxd5 Nxd5 5. Nf3 Nc6 6. 0-0 Be7 7. d3 0-0 8. Nc3 Nb6 9. b3 f5 10. Bb2 Bf6 11. Nd2 Nd4 12. Nc4 c6 13. Ba3 Be7 14. Nxb6 axb6 15. Bxe7 Qxe7 16. Na4 Qd8 17. e3 Ne6 18. Qc2 b5 19. Nc5 Nxc5 20. Qxc5 Qf6 21. d4 exd4 22. exd4 Rd8 23. Rfd1 Be6 24. f4 Bd5 25. Bf1 Rd7 26. Rd3 Be4 27. Rd2 Rd5 28. Qb6 Rad8 29. a4 Rxd4 30. Rxd4 Qxd4+ 31. Qxd4 Rxd4 32. axb5 cxb5 33. Bxb5 Bd5 34. Rc1 Bxb3 35. Rc8+ Kf7 36. Rc7+ Kf6 37. Rxb7 Bc4 38. Rb6+ Kf7 39. Bc6 Rd2 40. Rb4 Be2 41. Rb7+ Kf6 42. Be8 Bc4 43. Rb6+ Ke7 44. Bh5 Be2 45. Rb7+ Kf6 46. Be8 Bc4 47. Rc7 Ba2 48. Bd7 Bd5 49. Rc5 Bb3 50. Bxf5 g6 51. Bg4 Bd5 52. Ra5 Bc4 53. Bf3 h5 54. Rc5 Be6 55. Rc6 Kf7 56. Be4 Rd1+ 57. Kf2 Rd2+ 58. Ke3 Rxh2 59. Bxg6+ Kxg6 60. Rxe6+ Kf5 61. Re5+ Kf6 62. Kf3 Rh1 63. Kg2 1-0

[Event "Foment Martinenc op-A 21st"]
[Site "Barcelona"]
[Date "2019.05.25"]
[Round "5"]
[White "Devos, Herve"]
[Black "Houzi Acharki, Hanane"]
[Result "0-1"]
[WhiteElo "1823"]
[BlackElo "1677"]
[PlyCount "83"]
[EventDate "2019.04.27"]
[EventType "swiss"]
[EventRounds "9"]
[EventCountry "ESP"]
[SourceTitle "EXT 2020"]
[Source "ChessBase"]
[SourceDate "2019.10.17"]
[SourceVersion "1"]
[SourceVersionDate "2019.10.17"]
[SourceQuality "1"]

1. e4 c5 2. c3 Nf6 3. e5 Nd5 4. Nf3 Nc6 5. Bc4 e6 6. d4 cxd4 7. cxd4 d6 8. 0-0 Be7 9. Qe2 0-0 10. Rd1 Re8 11. Bd2 a6 12. Nc3 Nxc3 13. Bxc3 Bd7 14. Rac1 Rc8 15. Bd3 b5 16. a3 Na5 17. Qe4 g6 18. Qf4 Nb7 19. h4 Bc6 20. Ng5 Rf8 21. Bd2 dxe5 22. Qxe5 Qd5 23. Qxd5 Bxd5 24. g3 Bf6 25. Bc3 Rfd8 26. Ne4 Bg7 27. Bb1 Rd7 28. Rd2 Bb3 29. Re1 Rcd8 30. Re3 h6 31. g4 Bc4 32. g5 hxg5 33. hxg5 Rd5 34. Rh3 Nd6 35. f4 Nxe4 36. Bxe4 Rxd4 37. Bxd4 Bxd4+ 38. Rxd4 Rxd4 39. Re3 Kf8 40. Kf2 Rd2+ 41. Kg3 Rxb2 42. Bxg6 0-1

[Event "Foment Martinenc op-A 21st"]
[Site "Barcelona"]
[Date "2019.05.04"]
[Round "2"]
[White "Houzi Acharki, Hanane"]
[Black "Delgado Pico, Lluis"]
[Result "0-1"]
[WhiteElo "1677"]
[BlackElo "2013"]
[PlyCount "62"]
[EventDate "2019.04.27"]
[EventType "swiss"]
[EventRounds "9"]
[EventCountry "ESP"]
[SourceTitle "EXT 2020"]
[Source "ChessBase"]
[SourceDate "2019.10.17"]
[SourceVersion "1"]
[SourceVersionDate "2019.10.17"]
[SourceQuality "1"]

1. Nf3 Nf6 2. d4 g6 3. Nc3 d5 4. Bf4 Bg7 5. e3 Bg4 6. Be2 0-0 7. Ne5 Bxe2 8. Qxe2 c6 9. h4 h5 10. 0-0-0 Nbd7 11. f3 Qc8 12. Rhg1 b5 13. g4 Nb6 14. g5 Nfd7 15. e4 b4 16. Nb1 e6 17. Nd2 c5 18. Nxd7 Nxd7 19. dxc5 Nxc5 20. exd5 exd5 21. Nb3 Na4 22. Nd4 Nxb2 23. Kxb2 Qc3+ 24. Kb1 Bxd4 25. Rxd4 Qxd4 26. Qh2 Rfe8 27. Bd6 a5 28. Rc1 a4 29. Qh1 a3 30. c3 Qd2 31. Qh2 Re2 0-1

[Event "Foment Martinenc op-A 21st"]
[Site "Barcelona"]
[Date "2019.04.27"]
[Round "1"]
[White "Silva Rosas, Cristian"]
[Black "Houzi Acharki, Hanane"]
[Result "1/2-1/2"]
[WhiteElo "1948"]
[BlackElo "1677"]
[PlyCount "58"]
[EventDate "2019.04.27"]
[EventType "swiss"]
[EventRounds "9"]
[EventCountry "ESP"]
[SourceTitle "EXT 2020"]
[Source "ChessBase"]
[SourceDate "2019.10.17"]
[SourceVersion "1"]
[SourceVersionDate "2019.10.17"]
[SourceQuality "1"]

1. e4 c5 2. Nc3 Nc6 3. Bb5 Nd4 4. Nf3 Nxb5 5. Nxb5 d5 6. exd5 a6 7. Nc3 Nf6 8. d4 Nxd5 9. Ne5 Nxc3 10. bxc3 e6 11. Qf3 Qf6 12. Qg3 Bd6 13. Ng4 Qe7 14. Bf4 Bxf4 15. Qxf4 0-0 16. 0-0 Rd8 17. Rfe1 cxd4 18. cxd4 Qd6 19. Qxd6 Rxd6 20. Rad1 h5 21. Ne5 b5 22. c4 bxc4 23. Nxc4 Rd8 24. Nb6 Rb8 25. Nxc8 Rbxc8 26. Rd2 Rd5 27. f4 Rcd8 28. Red1 Kf8 29. Kf2 Ke7 1/2-1/2

[Event "Foment Martinenc op-A 20th"]
[Site "Barcelona"]
[Date "2018.04.21"]
[Round "1"]
[White "Silva Rosas, Cristian"]
[Black "Houzi Acharki, Hanane"]
[Result "1-0"]
[WhiteElo "1942"]
[BlackElo "1688"]
[PlyCount "65"]
[EventDate "2018.04.21"]
[EventType "swiss"]
[EventRounds "9"]
[EventCountry "ESP"]
[SourceTitle "CBM 184 Extra"]
[Source "ChessBase"]
[SourceDate "2018.06.28"]
[SourceVersion "1"]
[SourceVersionDate "2018.06.28"]
[SourceQuality "1"]

1. d4 Nf6 2. c4 c5 3. e3 g6 4. Nf3 Bg7 5. Nc3 0-0 6. Be2 d6 7. 0-0 Nc6 8. e4 cxd4 9. Nxd4 Nxd4 10. Qxd4 Be6 11. Bd2 Ng4 12. Qd3 Ne5 13. Qg3 Nxc4 14. Bc1 Rc8 15. b3 Ne3 16. Bxe3 Rxc3 17. Rac1 Rxc1 18. Rxc1 Qa5 19. Rc2 Qe1+ 20. Bf1 Rc8 21. Rxc8+ Bxc8 22. Qg5 b6 23. Qb5 Kf8 24. Qc6 Qc3 25. Qa8 f5 26. exf5 gxf5 27. g3 Ke8 28. Qxa7 Bd4 29. Qa4+ Kd8 30. Qxd4 Qxd4 31. Bxd4 Kc7 32. f4 Kc6 33. Kf2 1-0

[Event "Foment Martinenc op-A 18th"]
[Site "Barcelona"]
[Date "2016.06.11"]
[Round "8"]
[White "Houzi Acharki, Hanane"]
[Black "Llados Clos, Jaume"]
[Result "0-1"]
[WhiteElo "1569"]
[BlackElo "1752"]
[PlyCount "48"]
[EventDate "2016.04.23"]
[EventType "swiss"]
[EventRounds "9"]
[EventCountry "ESP"]
[SourceTitle "EXT 2017"]
[Source "ChessBase"]
[SourceDate "2016.10.25"]
[SourceVersion "1"]
[SourceVersionDate "2016.10.25"]
[SourceQuality "1"]

1. d4 d5 2. Nf3 Nf6 3. e3 Bf5 4. Ne5 e6 5. g4 Bg6 6. h4 Bb4+ 7. Bd2 Bxd2+ 8. Nxd2 h5 9. Nxg6 fxg6 10. Bd3 hxg4 11. Bxg6+ Kf8 12. c4 dxc4 13. Nxc4 Qd5 14. f3 Qxc4 15. fxg4 Qb4+ 16. Kf1 Qb5+ 17. Kg1 Ke7 18. g5 Ne8 19. e4 a5 20. Qg4 Rf8 21. d5 Ra6 22. Rc1 Qb6+ 23. Kh2 Qf2+ 24. Kh3 Rf3+ 0-1

[Event "Foment Martinenc op-A 18th"]
[Site "Barcelona"]
[Date "2016.06.04"]
[Round "7"]
[White "Aguadero Casado, Jorge Ignacio"]
[Black "Houzi Acharki, Hanane"]
[Result "1-0"]
[WhiteElo "1663"]
[BlackElo "1569"]
[PlyCount "73"]
[EventDate "2016.04.23"]
[EventType "swiss"]
[EventRounds "9"]
[EventCountry "ESP"]
[SourceTitle "EXT 2017"]
[Source "ChessBase"]
[SourceDate "2016.10.25"]
[SourceVersion "1"]
[SourceVersionDate "2016.10.25"]
[SourceQuality "1"]

1. c4 e5 2. g3 Nf6 3. Bg2 d5 4. cxd5 Nxd5 5. Nc3 Nb6 6. Nf3 Nc6 7. 0-0 Be7 8. a3 a5 9. e3 0-0 10. d4 exd4 11. Nxd4 Nxd4 12. exd4 Bf6 13. Bf4 c6 14. Be5 Be6 15. Ne4 Bxe5 16. dxe5 Bd5 17. f4 Nc4 18. Qe2 Qb6+ 19. Rf2 Rad8 20. Nf6+ gxf6 21. exf6 Kh8 22. Qh5 Bxg2 23. Kxg2 Qb5 24. f5 Ne3+ 25. Kh3 Nd5 26. Qh6 Rg8 27. Re1 Qd3 28. Re7 Nxe7 29. fxe7 Qd6 30. Qe3 Rde8 31. f6 Rg6 32. g4 Kg8 33. g5 Qd5 34. Kh4 Qc4+ 35. Rf4 Qd5 36. Rd4 Qe6 37. Rd8 1-0

[Event "Foment Martinenc op-A 18th"]
[Site "Barcelona"]
[Date "2016.05.28"]
[Round "6"]
[White "Houzi Acharki, Hanane"]
[Black "Cabot Muntane, Jordi"]
[Result "0-1"]
[WhiteElo "1569"]
[BlackElo "1860"]
[PlyCount "56"]
[EventDate "2016.04.23"]
[EventType "swiss"]
[EventRounds "9"]
[EventCountry "ESP"]
[SourceTitle "EXT 2017"]
[Source "ChessBase"]
[SourceDate "2016.10.25"]
[SourceVersion "1"]
[SourceVersionDate "2016.10.25"]
[SourceQuality "1"]

1. d4 g6 2. Nf3 Bg7 3. Nc3 d6 4. Bf4 Nd7 5. Qd2 e5 6. dxe5 dxe5 7. Bg3 Ne7 8. 0-0-0 Nc6 9. e4 0-0 10. h4 h5 11. Be2 f6 12. Bc4+ Kh7 13. Kb1 Nb6 14. Qxd8 Nxd8 15. Bb3 Ne6 16. Nd5 Nxd5 17. Rxd5 Re8 18. Rhd1 Bf8 19. c3 Nc5 20. Bc2 Be6 21. R5d2 Bh6 22. Re2 Rad8 23. Nd2 Rd7 24. b4 Red8 25. bxc5 Bxd2 26. c6 bxc6 27. Ba4 Bc4 28. Bxc6 Bxe2 0-1

[Event "Foment Martinenc op-A 18th"]
[Site "Barcelona"]
[Date "2016.04.23"]
[Round "1"]
[White "Houzi Acharki, Hanane"]
[Black "Guix Torres, David"]
[Result "0-1"]
[WhiteElo "1569"]
[BlackElo "2032"]
[PlyCount "64"]
[EventDate "2016.04.23"]
[EventType "swiss"]
[EventRounds "9"]
[EventCountry "ESP"]
[SourceTitle "EXT 2017"]
[Source "ChessBase"]
[SourceDate "2016.10.25"]
[SourceVersion "1"]
[SourceVersionDate "2016.10.25"]
[SourceQuality "1"]

1. d4 Nf6 2. Nf3 c5 3. c3 g6 4. Bg5 Ne4 5. Bh4 Qb6 6. Qb3 d5 7. Qxb6 axb6 8. e3 c4 9. Nbd2 Nxd2 10. Nxd2 b5 11. e4 e6 12. Bf6 Rg8 13. Be2 Nd7 14. Be5 Nxe5 15. dxe5 Bd7 16. 0-0 g5 17. Rfe1 Bc5 18. exd5 exd5 19. Nf3 g4 20. Nd4 Bxd4 21. cxd4 b4 22. Rec1 Rg6 23. f3 h5 24. Kf2 Rga6 25. fxg4 hxg4 26. g3 Rxa2 27. Rab1 Bf5 28. Bxg4 Bxb1 29. Rxb1 Ra1 30. Rxa1 Rxa1 31. Bf3 c3 32. bxc3 bxc3 0-1

[Event "Foment Martinenc op-A 17th"]
[Site "Barcelona"]
[Date "2015.06.06"]
[Round "7"]
[White "Houzi Acharki, Hanane"]
[Black "Moreno Villalba, Antonio"]
[Result "0-1"]
[WhiteElo "1815"]
[BlackElo "1796"]
[PlyCount "82"]
[EventDate "2015.04.25"]
[EventType "swiss"]
[EventRounds "9"]
[EventCountry "ESP"]
[SourceTitle "EXT 2017"]
[Source "ChessBase"]
[SourceDate "2016.10.25"]
[SourceVersion "1"]
[SourceVersionDate "2016.10.25"]
[SourceQuality "1"]

1. d4 Nf6 2. Nf3 b5 3. e3 a6 4. Bd3 Bb7 5. Nbd2 e6 6. 0-0 c5 7. b3 cxd4 8. exd4 d5 9. Re1 Nc6 10. Bb2 Bd6 11. a4 b4 12. Ne5 a5 13. Bb5 Qc7 14. f4 0-0 15. Bd3 Ba6 16. Bxa6 Rxa6 17. Qe2 Rb6 18. Rac1 Nd7 19. g3 Ndxe5 20. fxe5 Be7 21. Qg4 Nd8 22. Nf3 Rc6 23. Re2 Nb7 24. Qf4 Rc8 25. Rf2 f5 26. Qe3 Nd8 27. h4 Nf7 28. h5 Nh6 29. Qd3 Ng4 30. Rg2 Qd8 31. c4 Bg5 32. Rcc2 Ne3 33. Bc1 Nxg2 34. Bxg5 Qxg5 35. Nxg5 Ne1 36. Qe2 Nxc2 37. Qxc2 dxc4 38. bxc4 Rxc4 39. Qb3 Rc1+ 40. Kh2 R8c2+ 41. Kh3 Rh1# 0-1

[Event "Foment Martinenc op-A 17th"]
[Site "Barcelona"]
[Date "2015.05.30"]
[Round "6"]
[White "Jul Perez, Alberto"]
[Black "Houzi Acharki, Hanane"]
[Result "1-0"]
[WhiteElo "1921"]
[BlackElo "1815"]
[PlyCount "57"]
[EventDate "2015.04.25"]
[EventType "swiss"]
[EventRounds "9"]
[EventCountry "ESP"]
[SourceTitle "EXT 2017"]
[Source "ChessBase"]
[SourceDate "2016.10.25"]
[SourceVersion "1"]
[SourceVersionDate "2016.10.25"]
[SourceQuality "1"]

1. d4 Nf6 2. Nf3 g6 3. g3 Bg7 4. Bg2 d6 5. 0-0 0-0 6. c4 Nbd7 7. Nc3 e5 8. e4 c6 9. Rb1 a5 10. a3 exd4 11. Nxd4 Ne5 12. b3 Qc7 13. h3 Re8 14. Be3 h5 15. f4 Ned7 16. Qc2 Nxe4 17. Nxe4 f5 18. Rfe1 fxe4 19. Bxe4 Nf6 20. Bxg6 Rxe3 21. Rxe3 Bxh3 22. Ne6 Qb6 23. c5 dxc5 24. Nxg7 Kxg7 25. Re7+ Kh6 26. Bh7 c4+ 27. Kh1 Ne4 28. Qxe4 c5 29. Bg8 1-0